Navigating the Future: (Record no. 211853)

MARC details
000 -LEADER
fixed length control field 00589nam a2200181 4500
005 - DATE AND TIME OF LATEST TRANSACTION
control field 20250617115342.0
010 ## - LCCN (DPL NO)
LC control number ENG-145405
020 ## - INTERNATIONAL STANDARD BOOK NUMBER
International Standard Book Number 9789361636080
Terms of availability 500.00
035 ## - SYSTEM CONTROL NUMBER
System control number EN-128937
037 ## - SOURCE OF ACQUISITION
Source of stock number/acquisition DBAD
082 ## - DEWEY DECIMAL CLASSIFICATION NUMBER
Classification number 658.872
Edition number 1
245 ## - TITLE STATEMENT
Title Navigating the Future:
Remainder of title Unveiling te Dynamics of Industry 5.0/
Statement of responsibility, etc Edited By A. Mayil Murugan...[et.al]
250 ## - EDITION STATEMENT
Edition statement 1
260 ## - PUBLICATION, DISTRIBUTION, ETC. (IMPRINT)
Place of publication, distribution, etc Madurai
Name of publisher, distributor, etc Shanlax Publications
Date of publication, distribution, etc 2024
270 ## - ADDRESS
Address 61,66 Vasantha Nagar
City Madurai
Postal code 625003
Electronic mail address shanlaxpublications@gmail.com
300 ## - PHYSICAL DESCRIPTION
Extent 296p.
Dimensions 24cm(Pb)
942 ## - ADDED ENTRY ELEMENTS (KOHA)
Source of classification or shelving scheme Dewey Decimal Classification
Item type English Books
Classification part 658.872
Call number suffix NAV
Holdings
Withdrawn status Lost status Not for loan Collection code Home library Current library Date acquired Source of acquisition Cost, normal purchase price Full call number Barcode Copy number Cost, replacement price Koha item type
    Not For Loan Non-fiction D.B.Act.Division D.B.Act.Division 17/06/2025 Delivery of Books Act Division 500.00 658.872 NAV EN-128937 1 500.00 English Books

© Delhi Public Library
Hit Counter
free hit counter